BIBLIOTECA

SENCICO

Arquitectura habitacional (Registro nro. 2072)

Detalles MARC
000 -LEADER
fixed length control field 00926nam a2200253Ia 4500
005 - DATE AND TIME OF LATEST TRANSACTION
control field 20251020182531.0
008 - FIXED-LENGTH DATA ELEMENTS--GENERAL INFORMATION
fixed length control field 200515s9999 xx 000 0 und d
082 ## - DEWEY DECIMAL CLASSIFICATION NUMBER
Classification number 7.011/P66/1
100 ## - MAIN ENTRY--PERSONAL NAME
Personal name PLAZOLA CISNEROS, Alfredo PLAZOLA ANGUIANO, Alfredo PLAZOLA ANGUIANO, Guillermo
245 #0 - TITLE STATEMENT
Title Arquitectura habitacional
250 ## - EDITION STATEMENT
Edition statement 5a ed.
260 ## - PUBLICATION, DISTRIBUTION, ETC.
Place of publication, distribution, etc. México, D.F.
260 ## - PUBLICATION, DISTRIBUTION, ETC.
Date of publication, distribution, etc. 1992
500 ## - GENERAL NOTE
General note la evolución de la casa-habitación desde las primeras culturas hasta la época actual. También se incluye en este volumen un capitulo sobre planificación donde se establece la programación lógica para conjugar los aspectos físicos, humanos económicos, pol
520 ## - SUMMARY, ETC.
Summary, etc. Se estudian las medidas antropométricas
650 ## - SUBJECT ADDED ENTRY--TOPICAL TERM
Topical term or geographic name entry element ANTROPOMETRIA
650 ## - SUBJECT ADDED ENTRY--TOPICAL TERM
Topical term or geographic name entry element ARQUITECTURA
650 ## - SUBJECT ADDED ENTRY--TOPICAL TERM
Topical term or geographic name entry element COLOR
650 ## - SUBJECT ADDED ENTRY--TOPICAL TERM
Topical term or geographic name entry element ESTILOS ARQUITECTONICOS
650 ## - SUBJECT ADDED ENTRY--TOPICAL TERM
Topical term or geographic name entry element LIB
650 ## - SUBJECT ADDED ENTRY--TOPICAL TERM
Topical term or geographic name entry element URBANISMO
650 ## - SUBJECT ADDED ENTRY--TOPICAL TERM
Topical term or geographic name entry element VIVIENDAS
942 ## - ADDED ENTRY ELEMENTS (KOHA)
Koha item type Libros
Existencias
Fecha de la última vez que lo usaron Pago total Signatura topográfica completa Código de barras Precio efectivo desde Tipo de documento Estado perdido Estado dañado No es para préstamo Retirado Ubicación permanente Ubicación actual Fecha de adquisición
15/05/2020   7.011/P66/1 Bib-Lima15052072 15/05/2020 Libros         Biblioteca Central Lima Biblioteca Central Lima 15/05/2020